000 00585nam a2200241Ia 4500
003 OSt
005 20230525192201.0
008 210423s1999 xx 000 0 und d
040 _cAL
041 _akan
082 _a331.125044
_223
_bRANV
100 _aRANJERE (Ashok Kumar)
_9114604
245 _aVividha vrutti padakosha
250 _a1
260 _aHampi
_bPrasasanga
_c1999
300 _avi,32
365 _b60
_cINR
440 _v1
650 _aEconomics
_9114605
650 _aLabour Economics
_9114606
906 _apadakosha ; Vividha ; vrutti
942 _2ddc
_cBK
999 _c173328
_d173328